| 000 | 00391nam a2200145Ia 4500 | ||
|---|---|---|---|
| 008 | 100415s9999 xx 000 0 und d | ||
| 082 |
_b14752 _a799(5475) |
||
| 100 | _aPandya Praful K | ||
| 245 | _aThe Wildlife of Gujarat | ||
| 260 |
_aJUNAGADH _c1969 _bSHRI CHANDRAKANT SHUKLA |
||
| 365 | _b0 | ||
| 630 | _aThe Wildlife of Gujarat | ||
| 730 | _aThe Wildlife of Gujarat | ||
| 942 | _cBOOK | ||
| 999 |
_c597650 _d597647 |
||